The unwelcome guests : Proceedings of Asia-Pacific Forest Invasive Species Conference, Kunming, Yunnan Province, China, 17-23 August 2003.

Bibliographic Details
Corporate Author: Food and Agriculture Organization of The United Nations regional Office for Asia and the Pacific
Other Authors: Brown, Chris, Mckenzie, Philip, Sun Jianghua, Wu Jian
Format: Book
Published: Bangkok, Thailand : Food and Agriculture Organization of The United Nations regional Office for Asia and the Pacifi , 2005
Subjects:

MARC

LEADER 00000cam a2200000 7i4500
001 0000003438
005 20060321.0
020 0 0 |a 9747946777 
090 0 0 |a 627.4   |b UNW 
245 1 0 |a The unwelcome guests :   |b Proceedings of Asia-Pacific Forest Invasive Species Conference, Kunming, Yunnan Province, China, 17-23 August 2003.   |c edited by Philip Mckenzie, Chris Brown, Sun Jianghua and Wu Jian. 
260 0 0 |a Bangkok, Thailand :   |b Food and Agriculture Organization of The United Nations regional Office for Asia and the Pacifi ,   |c 2005 
300 |a ix, 160 p. :   |b ill. map ;   |c 30 cm. 
650 0 0 |a Forest and forestry   |x Conference 
650 0 0 |a Forest management   |x Conference 
700 1 1 |a Brown, Chris 
700 1 1 |a Mckenzie, Philip 
700 1 1 |a Sun Jianghua 
700 1 1 |a Wu Jian 
710 2 1 |a Food and Agriculture Organization of The United Nations regional Office for Asia and the Pacific 
999 |a 0000006478   |b Monograph   |c Open Shelf   |e Default branch